<?xml version="1.0" encoding="UTF-8"?><?xml-stylesheet type="text/xsl" href="static/style.xsl"?><OAI-PMH xmlns="http://www.openarchives.org/OAI/2.0/" xmlns:xsi="http://www.w3.org/2001/XMLSchema-instance" xsi:schemaLocation="http://www.openarchives.org/OAI/2.0/ http://www.openarchives.org/OAI/2.0/OAI-PMH.xsd"><responseDate>2026-07-04T04:08:51Z</responseDate><request verb="GetRecord" identifier="oai:docta.ucm.es:20.500.14352/137963" metadataPrefix="marc">https://docta.ucm.es/rest/oai/request</request><GetRecord><record><header><identifier>oai:docta.ucm.es:20.500.14352/137963</identifier><datestamp>2026-07-02T00:16:21Z</datestamp><setSpec>com_20.500.14352_14</setSpec><setSpec>col_20.500.14352_22</setSpec></header><metadata><record xmlns="http://www.loc.gov/MARC21/slim" xmlns:dcterms="http://purl.org/dc/terms/" xmlns:xsi="http://www.w3.org/2001/XMLSchema-instance" xmlns:doc="http://www.lyncode.com/xoai" xsi:schemaLocation="http://www.loc.gov/MARC21/slim http://www.loc.gov/standards/marcxml/schema/MARC21slim.xsd">
   <leader>00925njm 22002777a 4500</leader>
   <datafield ind2=" " ind1=" " tag="042">
      <subfield code="a">dc</subfield>
   </datafield>
   <datafield ind2=" " ind1=" " tag="720">
      <subfield code="a">Sanz Pérez, Amadeo</subfield>
      <subfield code="e">author</subfield>
   </datafield>
   <datafield ind2=" " ind1=" " tag="260">
      <subfield code="c">2026-07-01</subfield>
   </datafield>
   <datafield ind2=" " ind1=" " tag="520">
      <subfield code="a">Cannabis use has experienced a sustained increase, following an exponential trend in recent years. Users of this psychoactive substance are, on average, increasingly younger, typically initiating consumption between 14 and 18 years of age. This trend is associated with a decreased perception of risk related to its use, which in turn contributes to higher consumption frequency. This scenario is further reinforced by the implementation of more permissive policies that have legalized cannabis sales in a growing number of countries. Consequently, a “legal” market has emerged, continuously introducing new varieties, both psychoactive and non-psychoactive, accessible to a wide segment of the population...</subfield>
   </datafield>
   <datafield ind2=" " ind1=" " tag="520">
      <subfield code="a">El consumo de cannabis ha experimentado un incremento sostenido con una tendencia exponencial en los últimos años. Los usuarios de esta sustancia psicoactiva son, en promedio, cada vez más jóvenes, iniciando su consumo habitualmente entre los 14 y los 18 años. Esta tendencia se asocia con una disminución en la percepción del riesgo vinculado a su uso, lo que a su vez propicia un aumento en la frecuencia de consumo. Dicho escenario se ve reforzado por la implementación de políticas más permisivas, que han legalizado la venta de cannabis en un número creciente de países. Como consecuencia, se ha configurado un mercado “legal” que introduce de manera continua nuevas variedades, tanto psicoactivas como no psicoactivas, accesibles a un amplio sector de la población...</subfield>
   </datafield>
   <datafield ind1="8" ind2=" " tag="024">
      <subfield code="a">https://hdl.handle.net/20.500.14352/137963</subfield>
   </datafield>
   <datafield ind2="0" ind1="0" tag="245">
      <subfield code="a">Study of cannabis-induced neurotoxicity and its relationship with mental health disorders</subfield>
   </datafield>
   <datafield ind2="0" ind1="0" tag="245">
      <subfield code="a">Estudio de la neurotoxicidad inducida por cannabis y su relación con trastornos de salud mental</subfield>
   </datafield>
</record></metadata></record></GetRecord></OAI-PMH>